书目信息 |
| 题名: |
中国的文化复兴
|
|
| 作者: | 胡适 著 ;曹艺 译 | |
| 分册: | ||
| 出版信息: | 长沙 湖南出版社 1998.06 |
|
| 页数: | 292页 | |
| 开本: | 32开 | |
| 丛书名: | ||
| 单 册: | ||
| 中图分类: | G02 | |
| 科图分类: | ||
| 主题词: | 文化哲学 | |
| 电子资源: | ||
| ISBN: | 7-5438-1731-4 | |
| 000 | 00562nam0 2200205 45 | |
| 001 | 0303311039 | |
| 005 | 20031219104108.2 | |
| 010 | @a7-5438-1731-4@dCNY13.00 | |
| 100 | @a20030331d1998 km y0chiy0120 ea | |
| 101 | 0 | @achi |
| 105 | @a z 000yy | |
| 200 | 1 | @a中国的文化复兴@AZhong Guo De Wen Hua Fu Xing@f胡适著@FHu Shi Zhu@g曹艺等译 |
| 210 | @a长沙@c湖南出版社@d1998.06 | |
| 215 | @a292页@d32开 | |
| 606 | 0 | @a文化哲学 |
| 690 | @aG02@v4 | |
| 701 | @a胡适@4著 | |
| 702 | 0 | @a曹艺@ACao Yi@4译 |
| 801 | @aCN@bTSTC@c20030331 | |
| 905 | @b321686-688@dG02@e20@f3 | |
| 中国的文化复兴/胡适著/曹艺等译.-长沙:湖南出版社,1998.06 |
| 292页;32开 |
| ISBN 7-5438-1731-4:CNY13.00 |
| ● |
| 相关链接 |
|
|
|
|
正题名:中国的文化复兴
索取号:G02/20
 
预约/预借
| 序号 | 登录号 | 条形码 | 馆藏地/架位号 | 状态 | 备注 |
| 1 | 0321686 | 203216867 | 第四借阅区/ [索取号:G02/20] | 在馆 | |
| 2 | 0321687 | 203216876 | 第四借阅区/ [索取号:G02/20] | 在馆 | |
| 3 | 0321688 | 203216885 | 第一样本阅览室/ [索取号:G02/20] | 在馆 |